| 000 | 00517nam a2200169Ia 4500 | ||
|---|---|---|---|
| 008 | 140527s9999 xx 000 0 und d | ||
| 020 | _a9789712356438 | ||
| 050 |
_aHF 5549.2.P6 _b.P39 2010 |
||
| 100 | _aPayos, Ranulfo P. | ||
| 245 |
_aHuman resource management : _b[from the practitioner's point of view] / _cRanulfo P. Payos. |
||
| 260 |
_aManila : _bRex Book Store, _cc2010. |
||
| 300 |
_a265 p. : _bill. ; _c26 cm. |
||
| 500 | _aIncludes index. | ||
| 521 | _aBSBA | ||
| 942 |
_kLOC _cBK |
||
| 999 |
_c117513 _d117513 |
||